000 00526nab a2200145Ia 4500
003 ES-SlBCS
005 20210707113421.0
008 140529s1994 xxu||||| |||| 00| 0 por d
041 _apor
100 1 _aChagas, Eduardo Ferreira
_9124807
245 0 0 _aDiferença entre alienaçao e estranhamento nos manuscritos económicos-filosóficos (1844) de Karl Marx
_c Eduardo Ferreira Chagas
600 1 4 _aMarx, Karl
_d, 1818-1883
_994285
773 0 _tEducaçao e Filosofia
_gvol. 8, nº. 16, 1994, págs. 23-33
_wRev1534
942 _cAR
999 _c601601
_d601601